00509 2200169 4500001002100000005001500021035002000036245005300056100001900109250002000128300003200148260006200180082001600242084002200258020002200280600003700302INLIS00000000000013820250710011142 a0010-07250001381 aIni Ikanku! Bukan, Ini Ikan Ku! /cSuraj J Menon0 aMenon, Suraj J aCetakan Pertama a20 hlm. :bilus. ;c22,9 cm aJakarta :bBadan Pengembangan dan Pembinaan Bahasa,c2022 a398.209 598 a398.209 598 MEN i a978-623-472-672-5 4aCERITA ANAK INDONESIA-TERJEMAHAN